[Event "Navarra Puente Foral-A 5th"]
[Site "Navarra"]
[Date "2010.12.04"]
[Round "3.6"]
[White "Sanchez Romero, Miquel Angel"]
[Black "De Pablos Fernandez, Mariano"]
[Result "1/2-1/2"]
[WhiteElo "2241"]
[BlackElo "2085"]
[PlyCount "30"]
[EventDate "2010.12.03"]
[EventType "swiss"]
[EventRounds "7"]
[EventCountry "ESP"]
[SourceTitle "EXT 2024"]
[Source "ChessBase"]
[SourceDate "2023.10.10"]
[SourceVersion "1"]
[SourceVersionDate "2023.10.10"]
[SourceQuality "1"]

1. b3 d5 2. Bb2 c5 3. f4 Nc6 4. Nf3 e6 5. e3 Nf6 6. Bb5 Bd7 7. 0-0 a6 8. Bxc6 Bxc6 9. Ne5 Be7 10. d3 0-0 11. Nd2 Rc8 12. Ndf3 b5 13. Nxc6 Rxc6 14. Ne5 Rc7 15. Rf3 Re8 1/2-1/2

[Event "Valencia Autonomico"]
[Site "Cheste"]
[Date "2010.10.08"]
[Round "3.2"]
[White "Sanchez Romero, Miquel Angel"]
[Black "Torres Sanchez, Jose"]
[Result "1/2-1/2"]
[WhiteElo "2236"]
[BlackElo "2314"]
[PlyCount "63"]
[EventDate "2010.10.07"]
[EventType "swiss"]
[EventRounds "7"]
[EventCountry "ESP"]
[SourceTitle "EXT 2024"]
[Source "ChessBase"]
[SourceDate "2023.10.10"]
[SourceVersion "1"]
[SourceVersionDate "2023.10.10"]
[SourceQuality "1"]

1. e4 e5 2. Nf3 Nc6 3. Bb5 Nf6 4. 0-0 Nxe4 5. d4 Nd6 6. Bxc6 dxc6 7. dxe5 Nf5 8. Qxd8+ Kxd8 9. Nc3 h6 10. h3 Bd7 11. b3 a5 12. Bb2 h5 13. Rad1 Ke8 14. Ng5 Be6 15. Nce4 a4 16. Nxe6 fxe6 17. Ng5 Rh6 18. Rd3 Be7 19. Bc1 axb3 20. axb3 Ra1 21. Bd2 Ra2 22. g3 c5 23. h4 Nd4 24. Nf3 Nxf3+ 25. Rxf3 Rg6 26. Rc3 Rg4 27. Bg5 Bxg5 28. hxg5 b6 29. Kg2 Re4 30. f4 Rd4 31. g6 Rd5 32. Rh1 1/2-1/2

[Event "ESP-chT Gp1"]
[Site "Burguillos"]
[Date "2008.08.17"]
[Round "6"]
[White "Vega Gutierrez, Belinda Vidina"]
[Black "Sanchez Romero, Miquel Angel"]
[Result "1/2-1/2"]
[WhiteElo "2129"]
[BlackElo "2259"]
[PlyCount "84"]
[EventDate "2008.08.13"]
[EventType "team"]
[EventRounds "6"]
[EventCountry "ESP"]
[SourceTitle "CBM 126 Extra"]
[Source "ChessBase"]
[SourceDate "2008.11.05"]
[SourceVersion "1"]
[SourceVersionDate "2008.11.05"]
[SourceQuality "1"]

1. e4 e5 2. Nf3 Nc6 3. Bb5 a6 4. Bxc6 dxc6 5. 0-0 Bg4 6. h3 h5 7. d3 Qf6 8. Be3 Bxf3 9. Qxf3 Qxf3 10. gxf3 Bd6 11. Nd2 Ne7 12. Nc4 Ng6 13. Rfd1 f6 14. Kf1 Kf7 15. Ke2 Rhg8 16. Rg1 Rad8 17. Rg3 Nf4+ 18. Bxf4 exf4 19. Nxd6+ cxd6 20. Rgg1 g5 21. a4 Rg7 22. c4 d5 23. cxd5 cxd5 24. Rgc1 Ke6 25. Rc5 Rgd7 26. Ra3 f5 27. Rb3 fxe4 28. dxe4 dxe4 29. fxe4 Rd2+ 30. Kf1 g4 31. Rb6+ R8d6 32. Rxd6+ Kxd6 33. Rxh5 gxh3 34. Rxh3 Rxb2 35. Rd3+ Ke5 36. f3 Rb4 37. Rd5+ Ke6 38. a5 Rb2 39. Ke1 Ra2 40. Kf1 Rb2 41. Ke1 Ra2 42. Kf1 Rb2 1/2-1/2

[Event "ESP-chT Gp1"]
[Site "Burguillos"]
[Date "2008.08.16"]
[Round "5"]
[White "Sanchez Romero, Miquel Angel"]
[Black "Antoli Royo, Joaquin Miguel"]
[Result "0-1"]
[WhiteElo "2259"]
[BlackElo "2441"]
[PlyCount "50"]
[EventDate "2008.08.13"]
[EventType "team"]
[EventRounds "6"]
[EventCountry "ESP"]
[SourceTitle "CBM 126 Extra"]
[Source "ChessBase"]
[SourceDate "2008.11.05"]
[SourceVersion "1"]
[SourceVersionDate "2008.11.05"]
[SourceQuality "1"]

1. e4 c5 2. Nf3 Nc6 3. Bb5 e6 4. Bxc6 bxc6 5. d3 Ne7 6. Qe2 Qc7 7. e5 f6 8. 0-0 fxe5 9. Nxe5 d6 10. Nc4 Nf5 11. Bf4 Be7 12. Nc3 0-0 13. Rae1 Rb8 14. h3 Nd4 15. Qd2 e5 16. Bh2 Bxh3 17. f4 Be6 18. fxe5 Rxf1+ 19. Rxf1 d5 20. Nd6 Rxb2 21. Qd1 Rxc2 22. Qh5 g6 23. Qh6 Qd8 24. Rf6 Bxf6 25. exf6 Qxf6 0-1

[Event "ESP-chT Gp1"]
[Site "Burguillos"]
[Date "2008.08.13"]
[Round "1"]
[White "Prieto Honorato, Jose Carlos"]
[Black "Sanchez Romero, Miquel Angel"]
[Result "0-1"]
[WhiteElo "2080"]
[BlackElo "2259"]
[PlyCount "94"]
[EventDate "2008.08.13"]
[EventType "team"]
[EventRounds "6"]
[EventCountry "ESP"]
[SourceTitle "CBM 126 Extra"]
[Source "ChessBase"]
[SourceDate "2008.11.05"]
[SourceVersion "1"]
[SourceVersionDate "2008.11.05"]
[SourceQuality "1"]

1. e4 d6 2. d4 Nf6 3. Bd3 e5 4. d5 Be7 5. Ne2 0-0 6. 0-0 Nh5 7. f4 Bg4 8. f5 Bg5 9. Nbc3 Nd7 10. h3 Bxe2 11. Nxe2 c6 12. dxc6 bxc6 13. g4 Nf4 14. Nxf4 exf4 15. b3 Ne5 16. Bxf4 Bxf4 17. Rxf4 Qg5 18. Rf2 h5 19. Be2 Rad8 20. Qc1 Qh4 21. Kg2 hxg4 22. Bxg4 Nxg4 23. Rf4 Rfe8 24. Rxg4 Qf6 25. Qe1 d5 26. Rd1 Re5 27. Qh4 Qxh4 28. Rxh4 Rde8 29. exd5 Re2+ 30. Kf1 cxd5 31. c3 Rc2 32. Rxd5 Rc1+ 33. Kf2 Rc2+ 34. Kf3 Rxc3+ 35. Kf4 Rce3 36. Rd4 Re2 37. Ra4 Rf2+ 38. Kg4 Ree2 39. Rc4 Rg2+ 40. Kh5 Kh7 41. Rcg4 Rxa2 42. Kg5+ Kg8 43. Rxg2 Rxg2+ 44. Rg4 Rb2 45. Rg3 Kf8 46. Re3 a5 47. h4 Ra2 0-1

[Event "Mislata op 15th"]
[Site "Mislata"]
[Date "2007.08.25"]
[Round "4"]
[White "Martinez Cuevas, Luis"]
[Black "Sanchez Romero, Miquel Angel"]
[Result "1/2-1/2"]
[WhiteElo "2048"]
[BlackElo "2261"]
[PlyCount "54"]
[EventDate "2007.08.22"]
[EventType "swiss"]
[EventRounds "9"]
[EventCountry "ESP"]
[SourceTitle "CBM 120 Extra"]
[Source "ChessBase"]
[SourceDate "2007.11.01"]
[SourceVersion "1"]
[SourceVersionDate "2007.11.01"]
[SourceQuality "1"]

1. e4 g6 2. g3 d5 3. e5 c5 4. Bg2 Nc6 5. f4 h5 6. Nf3 Nh6 7. d3 Nf5 8. Nc3 h4 9. g4 h3 10. Bf1 Nh6 11. g5 Nf5 12. Qe2 Nfd4 13. Nxd4 Nxd4 14. Qd1 Bf5 15. Be2 Qd7 16. Bf3 Nxf3+ 17. Qxf3 0-0-0 18. Bd2 Bg7 19. Rg1 f6 20. exf6 exf6 21. 0-0-0 Rhe8 22. Rde1 Rxe1+ 23. Rxe1 b6 24. Kb1 Qf7 25. Nd1 Be6 26. Bc3 Rf8 27. Nf2 Qd7 1/2-1/2